| 000 | 01221nam a2200325 i 4500 | ||
|---|---|---|---|
| 003 | EG-ScBUE | ||
| 005 | 20230911112748.0 | ||
| 008 | 170517s2010 su f b 000 00 ara d | ||
| 020 | _a9789960549774 | ||
| 040 |
_aEG-ScBUE _bara _erda _cEG-ScBUE _dEG-ScBUE |
||
| 041 | 1 |
_aara _heng |
|
| 082 | 0 | 4 |
_a901 _bغ و د _222 |
| 100 | 1 |
_aجودي، جاك، _eمؤلف. |
|
| 240 | 1 | 4 |
_aThe theft of history. _lArabic. |
| 245 | 1 | 0 |
_aسرقة التاريخ / _cجاك غودي ؛ نقلة إلى العربية محمد محمود التوبة. |
| 250 | _aالطبعة العربية الأولى. | ||
| 264 | 1 |
_aالرياض : _bالعبيكان للنشر، _c2010. |
|
| 300 |
_a459 صفحة ؛ _c24 سم |
||
| 336 |
_2rdacontent _aنص _btxt |
||
| 337 |
_2rdamedia _aبدون وسيط _bn |
||
| 338 |
_2rdacarrier _aمجلد _bnc |
||
| 504 | _aيشتمل على إرجاعات ببليوجرافية. | ||
| 546 | _aالنص باللغة العربية ؛ مترجم من اللغة الإنجليزية. | ||
| 650 | 7 |
_2BUEsh _aالتاريخ _xفلسفة. _916316 |
|
| 651 | _2BUEsh | ||
| 653 |
_bGGEN _cMay2017 |
||
| 655 | _vReading book | ||
| 700 | 1 |
_aتوبة، محمد محمود، _eمترجم. |
|
| 942 |
_2ddc _cBB |
||
| 999 |
_c24885 _d24857 |
||